| 000 | 00797nam a2200193 a 4500 | ||
|---|---|---|---|
| 008 | 120416s1983 ||||||||||||||||| || u | ||
| 020 | _a0070992037 | ||
| 050 | _aHF 5635 Lyn | ||
| 100 | _aLynch, Richard M | ||
| 245 | 1 | 0 | _aAccounting for management: planning and control. (3rd ed.) |
| 250 | _a3rd ed. | ||
| 260 |
_aNew York: _bMcGraw-Hill _c1983 |
||
| 300 | _axviii, 542p. : ill. | ||
| 350 | _a0.00 | ||
| 650 | 0 | _aACCOUNTING--HANDBOOKS, MANUALS, ETC | |
| 650 | 0 | _aMANAGERIAL ACCOUNTING | |
| 995 |
_aBINDERY (DAMAGED) _D0.00 _e006445 _FCBU-MAIN LIBRARY (Kitwe) _H1 _I12.50 _jHF 5635 Lyn _UDAMAGED _y006445 _ZMain Library Open Access Collection |
||
| 995 |
_aANNEX COLLECTION (Main Library) _D0.00 _e006449 _FCBU-MAIN LIBRARY (Kitwe) _H2 _I12.50 _jHF 5635 Lyn _UAVAILABLE _y006449 _ZAnnex Low-Usage Collection |
||
| 999 |
_c75600 _d75600 |
||